000 00588nam a2200229Ia 4500
003 OSt
005 20220918191739.0
006 a|||||r|||| 00| 0
007 ta
008 220917b |||||||| |||| 00| 0 eng d
024 _a64,941
037 _cTextual
040 _aARTS
_cARTS
_beng
041 _2eng
_aeng
082 _aQ4k, K2;M4
245 0 _aPopular dictionary of Buddhism by Christmas Humphreys
260 _aLondon
_bCurzon Press
_c1984
300 _a223p.
_ccm.
650 _aRELIGION
942 _hQ4k, K2;M4
_cTEXL
_2CC
999 _c191283
_d191283